Vývoj fúzií a akvizícií v automobilovom priemysle bakalárska práca

Saved in:
Bibliographic Details
Main Author: Jurčina, Lukáš
Corporate Author: Fakulta medzinárodných vzťahov EU. Katedra medzinárodných ekonomických vzťahov a hospodárskej diplomacie
Other Authors: Balejová, Martina, 1990-
Format: Book
Language:Slovak
Published: Bratislava 2015
Tags: Add Tag
No Tags, Be the first to tag this record!

MARC

LEADER 00000nbm a2200000 4500
001 0206439
005 20161212100327.3
041 0 |a slo 
044 |a SK 
245 1 0 |a Vývoj fúzií a akvizícií v automobilovom priemysle  |b bakalárska práca  |c Lukáš Jurčina ; školiteľ: Martina Balejová 
264 1 |a Bratislava  |c 2015 
300 |a 51 s. 
100 1 |a Jurčina, Lukáš 
700 1 |a Balejová, Martina, 1990- 
710 2 |a Fakulta medzinárodných vzťahov EU. Katedra medzinárodných ekonomických vzťahov a hospodárskej diplomacie